000 00490nam a2200181Ia 4500
003 OSt
005 20251220103701.0
008 210210b1956 xxu||||| |||| 00| 0 eng d
040 _cAL
041 _akan
082 _a859/2209
100 _aSURYANARAYANA CHADAGA
_9158584
_dಸೂರ್ಯನಾರಾಯಣ ಚಡಗ
245 _aKaveri:
_bಕಾವೇರಿ
260 _aBengaluru
_bShri Prakashana
_c1956
690 _aKannada Fiction
_9158585
906 _a022921
942 _2ddc
_cBK
999 _c147744
_d147744